Contrattazione e transformazione del territorio

Detalles Bibliográficos
Autor principal: Enriquez, Giovanni
Formato: eBook
Lenguaje:italiano
Publicado: Bari : Cacucci Editore, 2008
Materias:
Acceso en línea:http://www.vlex.com/source/11207

MARC

LEADER 00000nam a22000007a 4500
005 20130429191351.0
007 cr|||| ||||
008 130429e2008 it |||||s|||| 00||0 ita d
020 |a 9788884228048 
035 |a 11207 
040 |a vLex 
090 |c 4222  |d 4222 
100 1 0 |a Enriquez, Giovanni 
245 1 0 |a Contrattazione e transformazione del territorio  |c / Giovanni Enriquez   |h [Recurso electrn̤ico]  
256 |a Servicio en ln̕ea 
260 |a Bari :  |b Cacucci Editore,   |c 2008 
300 |a 1 Recurso electrn̤ico 
506 |d vLex Global  |d vLex Global (Academic Edition, excluding Law Schools)  |d vLex Global (U.S. Academic Edition, Law Schools)  |d vLex Global (U.S. Academic Edition, excluding Law Schools)  |d vLex Global (Academic Edition, Law Schools) 
650 0 4 |a Derecho del medio ambiente  |z Italia 
650 0 4 |a Ordenacin̤ del territorio  |z Italia 
740 |a vLex Libros (Servicio en ln̕ea) 
856 |a Acceso restringido  |u http://www.vlex.com/source/11207 
942 |c BOOK 
999 0 |a Environmental law